Statistics for Who was King / Queen when ____

Click here to take the quiz!

General Stats

  • This quiz has been taken 43 times
  • The average score is 13 of 20

Answer Stats

HintAnswer% Correct
The Church of England breaks away from the Catholic ChurchHenry VIII
92%
Fall of the Berlin WallElizabeth II
90%
V-E Day marks the end of World War IIGeorge VI
90%
The Spanish Armada attempts to attack EnglandElizabeth I
85%
Shakespeare's Macbeth is first performed and publishedJames I
82%
The Magna Carta is agreedJohn
82%
The assassination of Archduke Franz FerdinandGeorge V
79%
The Battle of Waterloo is foughtGeorge III
77%
The American Revolutionary War is foughtGeorge III
77%
A Christmas Carol is published by Charles DickensVictoria
77%
Alexander Graham Bell granted the patent for the telephoneVictoria
74%
England wins the World Cup for the first timeElizabeth II
72%
The Mayflower arrives in AmericaJames I
72%
The BBC is founded as the British Broadcasting CompanyGeorge V
67%
Beethoven's Für Elise is publishedVictoria
41%
Ottoman forces conquer Constantinople from the Byzantine EmpireHenry VI
36%
The Taj Mahal is commisioned by Shah JahanCharles I
26%
Genghis Khan becomes ruler of MongoliaJohn
26%
Cuauhtémoc becomes Aztec emperorHenry VIII
23%
The Battle of Hattin takes place between the Crusaders and SaladinHenry II
21%

Score Distribution

Percentile by Number Answered

Percent of People with Each Score

Your Score History

You have not taken this quiz